| 000 | 02225cam a2200469 i 4500 | ||
|---|---|---|---|
| 001 | GVRL68JX | ||
| 003 | MiFhGG | ||
| 005 | 20250820004437.0 | ||
| 006 | m o d | ||
| 007 | cr un ---uuuua | ||
| 008 | 210521t20222022cau ob 001 0deng d | ||
| 020 |
_a9781440876042 _q(electronic book) |
||
| 020 |
_z9781440876035 _q(print) |
||
| 035 | _a(OCoLC)1255523813 | ||
| 040 |
_aMiFhGG _beng _cMiFhGG _erda _epn |
||
| 050 | 4 |
_aDG445 _b.V65 2022 |
|
| 245 | 0 | 0 |
_aVoices of the Renaissance : _bcontemporary accounts of daily life / _cJohn A. Wagner, editor. |
| 246 | 3 | 0 | _aContemporary accounts of daily life |
| 264 | 1 |
_aSanta Barbara, California : _bGreenwood, _c[2022] |
|
| 264 | 4 | _c©2022 | |
| 300 | _a1 online resource (xxxix, 316 pages). | ||
| 336 |
_atext _btxt _2rdacontent |
||
| 337 |
_acomputer _bc _2rdamedia |
||
| 338 |
_aonline resource _bcr _2rdacarrier |
||
| 490 | 1 | _aVoices of an era | |
| 490 | 0 | _aGale eBooks | |
| 504 | _aIncludes bibliographical references and index. | ||
| 505 | 0 | _aArt and literature -- Economics and society -- Politics and war -- Religion and papacy -- Northern Renaissance. | |
| 520 | _aThis work contains excerpts from documents relating to the period of European history known as the Renaissance. In the 14th century, the rise of humanism, a philosophy based on the study of the languages, literature, and material culture of ancient Greece and Rome, led to a sense of revitalization and renewal among the city-states of northern Italy and spread to parts of northern Europe. | ||
| 588 | _aDescription based on print version record. | ||
| 650 | 0 |
_aRenaissance _zItaly _vSources. |
|
| 650 | 0 |
_aRenaissance _zEurope, Northern _vSources. |
|
| 651 | 0 |
_aItaly _xCivilization _y1268-1559 _vSources. |
|
| 651 | 0 |
_aEurope _xCivilization _xItalian influences. |
|
| 700 | 1 |
_aWagner, J. A. _q(John A.), _eeditor. |
|
| 710 | 2 | _aGale (Firm) | |
| 776 | 0 | 8 |
_iPrint version: _tVoices of the Renaissance. _dSanta Barbara, California : Greenwood, [2022] _z9781440876035 _w(DLC) 2021023283 |
| 830 | 0 | _aVoices of an era. | |
| 856 | 4 | 0 |
_uhttps://link.gale.com/apps/pub/68JX/GVRL?sid=gale_marc&u=phurs _zAvailable via Gale eBooks. Click here to access |
| 912 | _a68JX | ||
| 942 |
_2lcc _cE-BOOK |
||
| 999 |
_c84371 _d84369 |
||